000 00399 a2200121 4500
020 _a0309088364
022 _a00775614
082 _a333.7913 MCC
100 _aMccullah, John
245 _aNCHRP Report 544 Environmentally Sensitive Channel - and Bank - Protection Measures /
_cJohn Mccullah
260 _aWashington :
_bTransportation Research Board,
_c2005
300 _a50p. :
_bill. ;
_c30 cm
650 _aHydraulic -- Hydrology
999 _c2076
_d2076